| LEADER | 00819cam a2200205 7i4500 | ||
|---|---|---|---|
| 001 | 0000004526 | ||
| 005 | 20171110090000.0 | ||
| 020 | |a 0471956619 (hbk. ; vol. 1) | ||
| 090 | 0 | 0 | |a TA410 |b .S56 1998 |
| 100 | 1 | |a Singer, J | |
| 245 | 1 | 0 | |a Buckling experiments : |b experimental methods in buckling of thin-walled structures |c J. Singer, J. Arbocz, T. Weller. |
| 260 | |a New York, N.Y.: |b John Wiley & Sons, Inc., |c 1998. | ||
| 300 | |a xvii, 621 p.: |b ill.; |c 25 cm. | ||
| 504 | |a Includes bibliographical references and index | ||
| 505 | 0 | |g vol. 1. |t Basic concepts, columns, beams, and plates | |
| 650 | 0 | 0 | |a Buckling (Mechanics) -- |x Experiments |
| 700 | 1 | |a Arbocz, J | |
| 700 | 1 | |a Weller, T | |
| 997 | |a Engineering & Life Sciences, Faculty |b Engineering, Department | ||
| 999 | |a 0000010195 |b BOK |c OPEN SHELF |e 2nd Floor, Bestari Jaya | ||


